[Event "Wch U10 Girls"]
[Site "Pocos de Caldas"]
[Date "2017.08.30"]
[Round "10"]
[White "Jin, Lisa"]
[Black "Nguyen, Le Cam Hien"]
[Result "0-1"]
[WhiteElo "1282"]
[BlackElo "1394"]
[PlyCount "102"]
[EventDate "2017.08.22"]
[EventType "swiss"]
[EventRounds "11"]
[EventCountry "BRA"]
[SourceTitle "CBM 180 Extra"]
[Source "ChessBase"]
[SourceDate "2017.10.06"]
[SourceVersion "1"]
[SourceVersionDate "2017.10.06"]
[SourceQuality "1"]

1. e4 c5 2. Nf3 d6 3. d4 cxd4 4. Nxd4 Nf6 5. Nc3 a6 6. Bg5 e6 7. f4 Be7 8. Qf3 Qc7 9. 0-0-0 b5 10. Bxf6 Bxf6 11. Bxb5+ Nd7 12. Bxd7+ Qxd7 13. e5 Bb7 14. Qg3 Be7 15. Qxg7 Rf8 16. Qxh7 0-0-0 17. Qd3 Kb8 18. Rhg1 Qc7 19. Qe3 dxe5 20. fxe5 Rg8 21. Qf2 Qxe5 22. Qxf7 Bc5 23. Nxe6 Rgf8 24. Nxf8 Rxf8 25. Qc4 Bxg1 26. h4 Be3+ 27. Kb1 Qf4 28. Qxf4+ Rxf4 29. g3 Rg4 30. h5 Rxg3 31. a3 Rh3 32. b4 Rxh5 33. a4 Ka7 34. b5 a5 35. Rd3 Bc5 36. Kb2 Rh4 37. Kb3 Rb4+ 38. Ka3 Rxb5+ 39. Ka2 Rb4 40. Nb5+ Kb6 41. Ra3 Bd5+ 42. Ka1 Rxb5 43. axb5 Bxa3 44. c3 Kxb5 45. Kb1 Bb3 46. Ka1 Kc4 47. Kb1 Kxc3 48. Ka1 Be6 49. Kb1 Kb3 50. Ka1 Bb2+ 51. Kb1 Bf5# 0-1

[Event "Wch U10 Girls"]
[Site "Pocos de Caldas"]
[Date "2017.08.28"]
[Round "8"]
[White "Jin, Lisa"]
[Black "Da Cunha, Gabriela Goes"]
[Result "1-0"]
[WhiteElo "1282"]
[BlackElo "1191"]
[PlyCount "95"]
[EventDate "2017.08.22"]
[EventType "swiss"]
[EventRounds "11"]
[EventCountry "BRA"]
[SourceTitle "CBM 180 Extra"]
[Source "ChessBase"]
[SourceDate "2017.10.06"]
[SourceVersion "1"]
[SourceVersionDate "2017.10.06"]
[SourceQuality "1"]

1. e4 c6 2. d4 d5 3. Nc3 dxe4 4. Nxe4 Nf6 5. Nxf6+ gxf6 6. Nf3 Bg4 7. Be2 Qc7 8. c3 e6 9. Be3 Bd6 10. h3 Bh5 11. Qd2 Nd7 12. Nh4 Bg6 13. Nxg6 hxg6 14. Bd3 0-0-0 15. 0-0-0 f5 16. g3 Nb6 17. Bg5 Rde8 18. c4 Be7 19. Bf4 Qd8 20. Be2 c5 21. Qa5 a6 22. dxc5 Nd7 23. Qxd8+ Rxd8 24. Bd6 Bxd6 25. cxd6 Nf6 26. f3 Kd7 27. c5 Kc6 28. b4 Nd5 29. a3 b6 30. Kb2 bxc5 31. Rc1 Rb8 32. Rxc5+ Kxd6 33. Ra5 Nc7 34. Rd1+ Ke7 35. Rc1 Kd7 36. Bxa6 Nxa6 37. Rxa6 Rxh3 38. Ra7+ Ke8 39. Rcc7 Rh7 40. Kc3 Rd8 41. b5 Kf8 42. b6 Kg7 43. Rxf7+ Kg8 44. Rxh7 Rc8+ 45. Rhc7 Rb8 46. b7 Rd8 47. Rc8 Rxc8+ 48. bxc8Q# 1-0